Paroles : En mémoire de Grim - Laeko & Wankil (feat. Grim & Elian) - Statistiques

Statistiques générales
  • Ce quiz a été pris 36 fois
    35 depuis la dernière actualisation
  • Le résultat moyen est 216 sur 303
Statistiques - réponses
Paroles % Correct
à
96%
c'
96%
Grim
96%
de
93%
en
93%
me
93%
Je
89%
je
89%
l'
89%
mémoire
85%
s'
85%
ce
81%
Ce
81%
chanson
81%
fais
81%
Ah
78%
(Ahh ouuhh)
78%
Ahh ouuhh
78%
cette
78%
Elle
78%
elle
78%
Gisèle,
70%
Ju-
70%
ju-
70%
juste
70%
la
70%
Qu'
70%
seul
70%
seul,
70%
seul...)
70%
suis
70%
tout
70%
(tout
70%
chuchotait
67%
Mais
67%
mais
67%
que
67%
Que
67%
vraiment
67%
day !
63%
happy
63%
le
63%
oreille
63%
oreille,
63%
oreille.
63%
aime,
59%
dans
59%
moi,
59%
vent,
59%
appelait
56%
Oh
56%
(Oh oh)
56%
venais
56%
voulait
56%
Yeah
56%
yeah,
56%
yeah
56%
yeah.
56%
(Yeah
56%
cheveux
52%
est
52%
Les
52%
rhabiller,
52%
instru,
48%
propose,
44%
propose...
44%
Zort,
44%
Zort
44%
arrive
41%
ne
41%
On
41%
oui,
41%
parfait,
41%
party).
41%
party)
41%
pas
41%
prod
41%
putain,
41%
sur
41%
Alors
37%
jean,
37%
sais,
37%
dépassait
33%
merde.
33%
du
30%
non
30%
Qui
26%
Aucun quiz correspondant
Distribution des résultats
% des personnes avec chaque résultat
Percentile par nombre de réponses
Votre historique - résultats
Vous n’avez pas pris ce quiz depuis la dernière actualisation